Statistiques concernant Goldman pour les autres

Cliquez ici pour prendre le quiz!

Statistiques générales

  • Ce quiz a été pris 78 fois
  • Le résultat moyen est 25 sur 146

Statistiques - réponses

HintRéponse% Correct
Pour que tu m'aimes encore
75%
Aicha
72%
ZazSi
63%
J'irai où tu iras
56%
Il me dit que je suis belle
55%
S'il suffisait d'aimer
55%
Encore
50%
Je sais pas
50%
Céline DionEncore un soir
48%
C'est dit
47%
Laura
47%
Le ballet
47%
L'envie
47%
4 mots sur un piano
45%
Gérald de PalmasJ'en rêve encore
45%
On ne change pas
45%
Je te promets
44%
Prière paienne
44%
Destin
42%
Vole
41%
C'est d'ici que je vous écris
39%
Dans un autre monde
39%
La mémoire d'Abraham
39%
Zora sourit
39%
Les derniers seront les premiers
38%
J'oublierai ton nom
36%
J'attendais
34%
Regarde-moi
34%
Une fille de l'Est
34%
Anne-Marie BataillerFais moi des sourires
33%
Je lui dirai
33%
Je voudrais la connaître
33%
Le frère que j'ai choisi
33%
Philippe LavilComme un tout petit bébé
31%
En attendant ses pas
31%
Je crois toi
31%
Je t'attends
31%
MauraneTout faux
31%
Si tu veux m'essayer
30%
Sur le même bateau
30%
Des millions de fois
28%
J'la croise tous les matins
28%
La chanteuse de bal
28%
Jane MansonLes orangers d'Athènes
28%
Pas signé pour ça
28%
Personne ne saurait
28%
Ton fils
28%
Viens
28%
Au clair de ma plume
27%
LorieC'est plus fort que moi
27%
Les chansons commencent
27%
Toute seule
27%
Liane FolyDeux centres du monde
25%
Je t'aime encore
25%
Johnny HallydayLorada
25%
Christophe MaéUn peu de blues
25%
Dans mes nuits... on oublie
23%
Des miliers de baisers
23%
Est-ce que tu me suis ?
23%
C'est quoi ce cirque
20%
Si on chantait plus fort
20%
CalogeroSur le fil
20%
Tous les blues son écrits pour toi
19%
Je chanterai
17%
L'abandon
17%
Ce que le blues a fait de moi
16%
D'hôtel en hôtel
16%
Yannick NoahNi divin ni chien
16%
Jean-Marie BigardOn va mettre le paquet
16%
KhaledDerviche tourneur
11%
Tu peux chercher
11%
Marc LavoineJ'écris des chansons
8%
Quand j'ai peur de tout
8%
On pourrait
6%
Elles
5%
Je sais où aller
5%
Tu me suffiras
5%
Demain
3%
Gros Calin Blues
3%
Patricia KaasLa faute à la vie
3%
L'aventure humaine
3%
IdirPourquoi cette pluie ?
3%
Christophe WillemAprès toi
2%
C'est la nuit
2%
Dan Ar BrazJe m'en vais demain
2%
Rose LaurensL'absence
2%
Robert CharleboisLe plus tard possible
2%
GarouLes filles
2%
Loin
2%
France d'AmourPasser à la télé
2%
Peut-être que peut-être
2%
Carole FredericksRespire
2%
S'il n'y avait pas la nuit
2%
Toutes les peines
2%
Tu es d'un chemin
2%
Florent PagnyUne place pour moi
2%
Viens me chercher
2%
Chorale des Ecoliers de Bondy2000
0%
A la vie
0%
Ce pays que je ne connais pas
0%
Champions de la paixC'est ensemble
0%
Patrick FioriC'est nous
0%
Michael JonesCest pour lui
0%
Comme un père
0%
Julie ZenattiDans ces villes
0%
Debout
0%
Emmanuel MoireDes mots à offrir
0%
Dieu qu'elle était belle
0%
Du vent des mots
0%
Emile et ImagesEt tout recommencerait
0%
Audrey SaraGoutte de pluie
0%
Ici-bas
0%
Je me souviens de rien
0%
Branche LouveteauxJe promets
0%
Emilie BonnetJ'essaierai d'oublier
0%
Je viendrai te chercher
0%
Le jour viendra
0%
Le regard des autres
0%
Danielle MessiaLe temps des enfants
0%
Ligne numéro 13
0%
Janic PrévostMauvaise tête
0%
Merci
0%
JLBMerçou beauki
0%
Nous nus
0%
JockoNous on y va
0%
Roch VoisineOn mentira
0%
Un été 44On oublie pas
0%
LaamOn pardonne
0%
Gildas ArzelOubliés du ciel
0%
Pas d'un pas
0%
Sabrina LauryPas envie
0%
Catherine FerryQuelqu'un quelque part
0%
Radio mon amour
0%
TrustSerre les poings
0%
Richard CoccianteSi grand
0%
Amel BentSi j'en crois
0%
Si tu revenais
0%
T'en va pas maintenant
0%
Tout cet amour-là
0%
Hélène SégaraTout commence aujourd'hui
0%
Jane SurreyTout tout doucement
0%
Tu lui ressembles
0%
Christopher ThompsonTu t'en iras
0%
Un jour, mon tour
0%
Yoenai
0%

Distribution des résultats

Percentile par nombre de réponses

% des personnes avec chaque résultat

Votre développement - résultats

Vous n’avez pas pris ce quiz